Lanean...

Urdu sahitya ka ithihas. /

Xehetasun bibliografikoak
Formatua: Printed Book
Hizkuntza:Hindi
Argitaratua: Hindi Prachar Sabha, 1979.
LEADER 00411nam a2200121Ia 4500
008 150624b xxu||||| |||| 00| 0 hin d
082 |a 869.009 
245 |a Urdu sahitya ka ithihas. /  |c Sreeram sharma 
260 |c 1979.  |b Hindi Prachar Sabha, 
300 |a 326p.; 
942 |c BK  |n 1 
999 |c 63218  |d 63218 
952 |0 1  |1 0  |2 ddc  |4 1  |6 869_009000000000000_SRI_U_H  |7 0  |9 63195  |a UL  |b UL  |d 2012-10-27  |l 0  |o 869.009 SRI/U H  |p G2153  |r 2012-10-27  |y BK